Normal view
MARC view
- تأليف القاموسي،ضياء عبد المحسن/م.مشارك عدنان عبد الحميد الحديثي
Entry Personal Name
001 - CONTROL NUMBER
- control field: 35024
003 - CONTROL NUMBER IDENTIFIER
- control field: JO-AjAnu
005 - DATE AND TIME OF LATEST TRANSACTION
- control field: 20230606075848.0
008 - FIXED-LENGTH DATA ELEMENTS
- fixed length control field: 230606|| aca||aabn | a|a d
040 ## - CATALOGING SOURCE
- Original cataloging agency: JO-AjAnu
- Transcribing agency: JO-AjAnu
100 ## - HEADING--PERSONAL NAME
- Personal name: تأليف القاموسي،ضياء عبد المحسن/م.مشارك عدنان عبد الحميد الحديثي
670 ## - SOURCE DATA FOUND
- Source citation: Work cat.: (JO-AjAnu)17986: تأليف القاموسي،ضياء عبد المحسن/م.مشارك عدنان عبد الحميد الحديثي, author, مبادىء المحاسبة